00636 2200229 4500001002100000005001700021008004100038020002200079035002400101040001200125082000800137090001800145100002000163245005500183250001000238260004500248300002800293504002900321650002200350850001200372990002200384INLIS00000000002294020160927084648.0 ind  a978-979-042-179-0 0010-091600000000712 aYOPDYOG a069 aDEP 069 Uta J aUTAMI, Vievid D aJelajah museum Jawa Timur dan BalicVievid D Utami aCet.1 aYogyakartabEmpat Pilar Pendidikanc2008 aIV, 52 hlmbilusc25 cm aBibliografi : hlm. 51-52 aMuseum-Jawa Timur aYOPDYOG aCB-D.11/2008-1535